000 00687nam a2200229Ia 4500
003 OSt
005 20260107112028.0
008 210716s2005 xx 000 0 und d
020 _a8120327365
040 _cAIMIT LIBRARY
041 _aeng
082 _a006.42
_21
_bDOUE
100 _aDougherty, Edward R.
_9250479
245 _aElectronic imaging technology /
_cEdward R Dougherty.
250 _a1st ed.
260 _aNew Delhi :
_bPrentice Hall of India PVt Ltd ,
_c2005.
300 _axv,432p. ;
_bPB
_c24 cm
650 _aMultimedia systems
_9250480
650 _aColor image processing
_9250481
650 _aDocument recognition
_9250482
942 _2ddc
_cBK
_e1st
_k006.42 DOUE
999 _c187119
_d187119